01063cam a2200241 a 450000100060000000300080000600500170001400800410003103500190007203500120009104000270010304100080013008200270013811000920016524502820025726000940053930000340063349000330066750000170070065000280071765000420074583000340078718050BD-RjUL20211209000229.0180731s1962 ph 00000 eng d a(BD-RjUL)18108 a2262709 aANLbengdANLcBD-RjUL aeng0 a027.7599223bNAU 19622 aNational Institute of Science and Technology (Philippines).bDivision of Documentation.10aUniversity libraries of the Philippines :ba brief description of the main and unit libraries of 25 Philippine universities, illustrated by photographs and sketches of the library quarters /cNational Institute of Science and Technology (Philippines).Division of Documentation. aManila :bNational Institute of Science and Technology, Division of Documentation,c1962. aiv, 200 p.:b ill. ; c28 cm.1 aPhilippine libraries ;vv. 2 aCover title. 0aLibrarieszPhilippines. 0aAcademic libraries zPhilippines.  0aPhilippine libraries ;vv. 2.